000 00878nam a2200277 a 4500
001 58679
003 BD-RjUL
005 20211209080639.0
008 161219s1984 enk||||| |||| 001 0 eng d
020 _a0865318506
035 _a(BD-RjUL)58803
040 _dBD-RjUL
_beng
_aBD-RjUL
_cBD-RjUL
041 _aeng
082 0 0 _a338.954
_223
_bBAD 1984
100 1 _aBanerjee, Sanjoy.
_9174407
245 1 0 _aDominant classes and the state in development :
_btheory and the case of India /
_cSanjoy Banerjee.
260 _aBoulder :
_bWestview Press,
_cc1984.
300 _axi, 116 p. ;
_c23 cm.
490 0 _aA Westview replica edition
500 _aIncludes index.
650 0 _aEconomic development
_zIndia.
_9174408
650 0 _aBusiness and politics
_9174409
650 0 _aBusiness and politics.
_9174409
830 _aA Westview replica edition
_9174414
942 _2ddc
_cBK
999 _c58679
_d58679